书目信息 |
| 题名: |
科技管理知识
|
|
| 作者: | 钱三强 著 | |
| 分册: | 一 | |
| 出版信息: | 北京 科学普及出版社 1984.01 |
|
| 页数: | 315页 | |
| 开本: | 20cm | |
| 丛书名: | ||
| 单 册: | ||
| 中图分类: | G311 | |
| 科图分类: | ||
| 主题词: | 科学研究--工作 | |
| 电子资源: | ||
| ISBN: | ||
| 000 | 00557nam0 2200205 45 | |
| 001 | 0210090957 | |
| 005 | 20031219104117.4 | |
| 010 | @dCNY0.94 | |
| 091 | @a17051.1005 | |
| 100 | @a20021009d1984 km y0chiy0120 ea | |
| 101 | 0 | @achi |
| 105 | @a z 000yy | |
| 200 | 1 | @a科技管理知识@AKe Ji Guan Li Zhi Shi@h一@f钱三强等著@FQian San Qiang Deng Zhu |
| 210 | @a北京@c科学普及出版社@d1984.01 | |
| 215 | @a315页@d20cm | |
| 606 | 0 | @a科学研究@x工作 |
| 690 | @aG311@v3 | |
| 701 | 0 | @a钱三强@4著 |
| 801 | @aCN@bTSTC@c20021009 | |
| 905 | @dG311@f2@b117001-002@e1:1 | |
| 科技管理知识.一/钱三强等著.-北京:科学普及出版社,1984.01 |
| 315页;20cm |
| ISBN :CNY0.94 |
| ● |
| 相关链接 |
|
|
|
|
正题名:科技管理知识
索取号:G311/1:1
 
预约/预借
| 序号 | 登录号 | 条形码 | 馆藏地/架位号 | 状态 | 备注 |
| 1 | 0117001 | 001727661 | 密集书库/ [索取号:G311/1:1] | 在馆 | |
| 2 | 0117002 | 001728045 | 密集书库/ [索取号:G311/1:1] | 在馆 | |
| 3 | 0117003 | 000986053 | 第一样本阅览室/ [索取号:G311/1:1] | 在馆 |